Les PNJ qui ont un Pokémon Méga-Evolué dans leur équipe - Statistiques

Statistiques générales
  • Ce quiz a été pris 30 fois
    9 depuis la dernière actualisation
  • Le résultat moyen est 15 sur 21
Statistiques - réponses
Personnages ayant un Pokémon pouvant Méga-Evoluer dans leur équipe % Correct
Arthur
86%
Cornélia
86%
Dianthéa
86%
Flora
86%
Kalem
86%
Lysandre
86%
Max
86%
Pierre Rochard
86%
Serena
86%
Timmy
86%
Amaryllis
71%
Aragon
71%
Brice
71%
Damien
71%
Dexio
71%
Glacia
71%
Sina
71%
Spectra
71%
Courtney
43%
Atalante
29%
Matthieu
29%
Aucun quiz correspondant
Distribution des résultats
% des personnes avec chaque résultat
Percentile par nombre de réponses
Votre historique - résultats
Vous n’avez pas pris ce quiz depuis la dernière actualisation